Festival internacional de teatro Santo Domingo 2006 /. (Record no. 16995)
[ view plain ]
| 000 -CABECERA | |
|---|---|
| campo de control de longitud fija | 00680nam a2200193 a 4500 |
| 001 - NÚMERO DE CONTROL | |
| campo de control | 000017470 |
| 005 - FECHA Y HORA DE LA ÚLTIMA TRANSACCIÓN | |
| campo de control | 20200929165125.0 |
| 008 - DATOS DE LONGITUD FIJA--INFORMACIÓN GENERAL | |
| campo de control de longitud fija | 100325s2006 dr ac r 001 0 spa d |
| 040 ## - FUENTE DE LA CATALOGACIÓN | |
| Centro catalogador/agencia de origen | DO-SdBNP |
| Lengua de catalogación | spa |
| Centro/agencia transcriptor | BNPHU |
| 082 ## - NÚMERO DE LA CLASIFICACIÓN DECIMAL DEWEY | |
| Número de clasificación | 792 |
| Número de documento/Ítem | F418i |
| 111 1# - ENTRADA PRINCIPAL--NOMBRE DE CONGRESO/REUNIÓN | |
| Nombre de congreso/reunión o jurisdicción como elemento de entrada | Festival internacional de teatro |
| Número del congreso/reunión o número de parte o sección | 5: |
| Fecha del congreso/reunión | 9-19 de nov. |
| Sede del congreso/Lugar de la reunión | Santo Domingo |
| 9 (RLIN) | 38190 |
| 245 10 - MENCIÓN DE TÍTULO | |
| Título | Festival internacional de teatro Santo Domingo 2006 /. |
| 260 ## - PUBLICACIÓN, DISTRIBUCIÓN, ETC. | |
| Lugar de publicación, distribución, etc. | Santo Domingo : |
| Nombre del editor, distribuidor, etc. | Secretaría de Estado de Cultura, |
| Fecha de publicación, distribución, etc. | 2006. |
| Fabricante | Búho |
| 300 ## - DESCRIPCIÓN FÍSICA | |
| Extensión | 123 p. : |
| Otras características físicas | il., retrs. |
| -- | 28 cm. |
| 650 #4 - PUNTO DE ACCESO ADICIONAL DE MATERIA--TÉRMINO DE MATERIA | |
| Término de materia o nombre geográfico como elemento de entrada | Teatro |
| Subdivisión general | América latina |
| 9 (RLIN) | 38191 |
| 650 #4 - PUNTO DE ACCESO ADICIONAL DE MATERIA--TÉRMINO DE MATERIA | |
| Término de materia o nombre geográfico como elemento de entrada | Teatro hispanoamericano |
| 9 (RLIN) | 38192 |
| 650 #4 - PUNTO DE ACCESO ADICIONAL DE MATERIA--TÉRMINO DE MATERIA | |
| Término de materia o nombre geográfico como elemento de entrada | Festivales |
| 9 (RLIN) | 38193 |
| 650 #4 - PUNTO DE ACCESO ADICIONAL DE MATERIA--TÉRMINO DE MATERIA | |
| Término de materia o nombre geográfico como elemento de entrada | Actuación teatral |
| 9 (RLIN) | 25438 |
| Estado de retiro | Estado de pérdida | No para préstamo | Código de colección | Localización permanente | Ubicación/localización actual | Ubicación en estantería | Fecha de adquisición | Número de inventario | Total de préstamos | Signatura topográfica completa | Código de barras | Fecha visto por última vez | Precio válido a partir de | Tipo de ítem Koha | Número de copia |
|---|---|---|---|---|---|---|---|---|---|---|---|---|---|---|---|
| Excluido de préstamo | Patrimonio Dominicano | Patrimonio Dominicano | Patrimonio Dominicano | En catalogación | 25.03.2010 | LF1 | 792 F418i | 17470-10 | 25.06.2020 | 25.06.2020 | Libro y Folleto Colección Patrimonio Dominicano | ||||
| Excluido de préstamo | Patrimonio Dominicano | Patrimonio Dominicano | Patrimonio Dominicano | En catalogación | 25.03.2010 | LF1 | 792 F418i | 17470-20 | 25.06.2020 | 25.06.2020 | Libro y Folleto Colección Patrimonio Dominicano | e. 2 |
